[Event "Spakenburg FishPartners op"]
[Site "Spakenburg"]
[Date "2022.07.02"]
[Round "3"]
[White "Andersson, Ulf"]
[Black "Van Diermen, Arie"]
[Result "1-0"]
[WhiteElo "2516"]
[BlackElo "1912"]
[PlyCount "28"]
[EventDate "2022.07.02"]
[EventType "swiss"]
[EventRounds "7"]
[EventCountry "NED"]
[SourceTitle "EXT 2023"]
[Source "ChessBase"]
[SourceDate "2022.10.05"]
[SourceVersion "1"]
[SourceVersionDate "2022.10.05"]
[SourceQuality "1"]

1. c4 d6 2. Nc3 Nf6 3. g3 c6 4. e4 e5 5. h3 Qe7 6. b3 c5 7. Nd5 Nxd5 8. cxd5 b5 9. Qc2 b4 10. Bb2 f5 11. exf5 Bb7 12. Bxe5 Qf6 13. Qxc5 Qd8 14. Qd4 Bc8 1-0

[Event "EU-Cup 34th"]
[Site "Porto Carras"]
[Date "2018.10.16"]
[Round "5.6"]
[White "Karavitaki, Evaggelia"]
[Black "Van Diermen, Arie"]
[Result "1/2-1/2"]
[WhiteElo "1828"]
[BlackElo "1931"]
[PlyCount "76"]
[EventDate "2018.10.12"]
[EventType "team-swiss"]
[EventRounds "7"]
[EventCountry "GRE"]
[SourceTitle "CBM 187"]
[Source "ChessBase"]
[SourceDate "2018.12.11"]
[SourceVersion "1"]
[SourceVersionDate "2018.12.11"]
[SourceQuality "1"]
[WhiteTeam "Chania Chess Academy"]
[BlackTeam "En Passant"]
[WhiteTeamCountry "GRE"]
[BlackTeamCountry "NED"]

1. e4 g6 2. d4 d6 3. Nc3 Bg7 4. f4 Nf6 5. Nf3 0-0 6. Bd3 Nc6 7. 0-0 Bg4 8. e5 dxe5 9. dxe5 Nd5 10. h3 Bxf3 11. Qxf3 Nxc3 12. bxc3 Qd7 13. Be3 Rfd8 14. Rab1 Rab8 15. Be4 Qe6 16. Rb2 f5 17. Bd3 b6 18. Qe2 Na5 19. a4 c5 20. Qf3 c4 21. Be2 Qc8 22. Rbb1 e6 23. Rfd1 Qc7 24. Bf1 Bf8 25. Qe2 Qc6 26. Ra1 Rd7 27. Rxd7 Qxd7 28. Qd1 Qc7 29. Qe2 Qc6 30. g3 Rd8 31. Bg2 Qd7 32. Bf3 Kf7 33. Rd1 Qxd1+ 34. Qxd1 Rxd1+ 35. Bxd1 Nb7 36. Bf3 Bc5 37. Bxb7 Bxe3+ 38. Kf1 Bd2 1/2-1/2

[Event "NED-chT 1617"]
[Site "Netherlands"]
[Date "2017.05.06"]
[Round "9.5"]
[White "Martens, Martin"]
[Black "Van Diermen, Arie"]
[Result "1/2-1/2"]
[WhiteElo "2417"]
[BlackElo "1929"]
[PlyCount "38"]
[EventDate "2016.09.17"]
[EventType "team-tourn"]
[EventRounds "9"]
[EventCountry "NED"]
[SourceTitle "EXT 2018"]
[Source "ChessBase"]
[SourceDate "2017.10.13"]
[SourceVersion "1"]
[SourceVersionDate "2017.10.13"]
[SourceQuality "1"]
[WhiteTeam "Rotterdam Pathena"]
[BlackTeam "En Passant"]
[WhiteTeamCountry "NED"]
[BlackTeamCountry "NED"]

1. c4 g6 2. g3 Bg7 3. Bg2 Nf6 4. Nc3 0-0 5. e4 d6 6. Nge2 e5 7. d3 Nc6 8. 0-0 Be6 9. Nd5 Nh5 10. Be3 Ne7 11. f4 Nxd5 12. cxd5 Bg4 13. Qd2 f5 14. Rac1 Qd7 15. exf5 gxf5 16. Bf2 Qf7 17. Kh1 Rae8 18. Nc3 exf4 19. gxf4 Nf6 1/2-1/2

[Event "Brasschaat op 15th"]
[Site "Brasschaat"]
[Date "2015.08.20"]
[Round "6"]
[White "Nguyen, Lucas"]
[Black "Van Diermen, Arie"]
[Result "0-1"]
[WhiteElo "1796"]
[BlackElo "1932"]
[PlyCount "74"]
[EventDate "2015.08.15"]
[EventType "swiss"]
[EventRounds "9"]
[EventCountry "BEL"]
[SourceTitle "EXT 2016"]
[Source "ChessBase"]
[SourceDate "2015.10.08"]
[SourceVersion "1"]
[SourceVersionDate "2015.10.08"]
[SourceQuality "1"]

1. e4 g6 2. d4 Bg7 3. Nc3 d6 4. Be3 Nf6 5. f3 c6 6. Qd2 b5 7. a3 Nbd7 8. g4 Nb6 9. d5 cxd5 10. Bxb5+ Bd7 11. Bxd7+ Nfxd7 12. exd5 Nc4 13. Qf2 Nxe3 14. Qxe3 Qa5 15. Nge2 Nb6 16. Qd3 Nd7 17. f4 0-0 18. h4 Nc5 19. Qe3 Na4 20. b4 Qb6 21. Qxb6 axb6 22. Kd2 Nxc3 23. Nxc3 Rfc8 24. Rh3 Rc4 25. Rf1 Rxa3 26. Rff3 Bxc3+ 27. Rxc3 Raxc3 28. Rxc3 Rxf4 29. Rc6 Rxb4 30. c4 b5 31. Kc3 Rxc4+ 32. Rxc4 bxc4 33. Kxc4 e5 34. Kd3 f6 35. Ke4 Kg7 36. Kf3 h5 37. g5 f5 0-1

[Event "Brasschaat op 15th"]
[Site "Brasschaat"]
[Date "2015.08.16"]
[Round "2"]
[White "Bajarani, Ulvi"]
[Black "Van Diermen, Arie"]
[Result "1-0"]
[WhiteElo "2522"]
[BlackElo "1932"]
[PlyCount "81"]
[EventDate "2015.08.15"]
[EventType "swiss"]
[EventRounds "9"]
[EventCountry "BEL"]
[SourceTitle "EXT 2016"]
[Source "ChessBase"]
[SourceDate "2015.10.08"]
[SourceVersion "1"]
[SourceVersionDate "2015.10.08"]
[SourceQuality "1"]

1. e4 g6 2. d4 Bg7 3. Nc3 d6 4. Bg5 c5 5. d5 Nf6 6. Qd2 a6 7. f3 b5 8. h4 Nbd7 9. a4 b4 10. Nd1 a5 11. Nh3 Nb6 12. Bh6 Bxh6 13. Qxh6 e6 14. dxe6 Bxe6 15. Nf4 Qe7 16. Nxe6 Qxe6 17. Bb5+ Kd8 18. Ne3 Kc7 19. 0-0-0 Qa2 20. b3 Qa1+ 21. Kd2 Qe5 22. Qg5 Rad8 23. Ke2 Nh5 24. Qxe5 dxe5 25. Kf2 Rd4 26. Bc4 f6 27. g3 Rhd8 28. Rd3 Rxd3 29. Bxd3 Ng7 30. Ng4 Rd6 31. f4 exf4 32. gxf4 f5 33. exf5 Nxf5 34. h5 Rd4 35. Kf3 Nd5 36. Be4 Rxe4 37. Kxe4 Ng3+ 38. Kxd5 Nxh1 39. hxg6 hxg6 40. Kxc5 Ng3 41. Ne5 1-0

[Event "Brasschaat op 15th"]
[Site "Brasschaat"]
[Date "2015.08.15"]
[Round "1"]
[White "Van Diermen, Arie"]
[Black "Carpentier, Julian"]
[Result "1-0"]
[WhiteElo "1932"]
[BlackElo "1573"]
[PlyCount "101"]
[EventDate "2015.08.15"]
[EventType "swiss"]
[EventRounds "9"]
[EventCountry "BEL"]
[SourceTitle "EXT 2016"]
[Source "ChessBase"]
[SourceDate "2015.10.08"]
[SourceVersion "1"]
[SourceVersionDate "2015.10.08"]
[SourceQuality "1"]

1. e4 c5 2. Nc3 g6 3. g3 Bg7 4. Bg2 d6 5. f4 Nf6 6. Nf3 0-0 7. 0-0 Nc6 8. d3 a6 9. a4 Bg4 10. h3 Bd7 11. g4 e6 12. Ne2 b5 13. axb5 axb5 14. Rxa8 Qxa8 15. Ng3 Qa1 16. f5 exf5 17. exf5 Ne8 18. Qe2 Qa2 19. b3 Nc7 20. Bf4 Re8 21. Ne4 d5 22. Bxc7 dxe4 23. dxe4 Nd4 24. Nxd4 Bxd4+ 25. Kh2 Bc6 26. e5 Bxg2 27. Kxg2 Qa8+ 28. Qf3 Qxf3+ 29. Kxf3 Bxe5 30. Re1 f6 31. Bxe5 fxe5 32. fxg6 hxg6 33. Rd1 e4+ 34. Ke3 Re5 35. Rf1 Kg7 36. Rf4 Kh6 37. Rxe4 Rd5 38. h4 Kg7 39. c3 Kf7 40. Kf4 Kf6 41. g5+ Kf7 42. Re5 Rd1 43. Rxc5 Rf1+ 44. Ke5 Re1+ 45. Kd6 Re6+ 46. Kd5 Re3 47. Kd4 Rh3 48. Rxb5 Rxh4+ 49. Ke5 Rh3 50. Rb7+ Kg8 51. c4 1-0

[Event "Gibraltar Masters 10th"]
[Site "Caleta"]
[Date "2012.01.31"]
[Round "8"]
[White "Van Diermen, Arie"]
[Black "Thornton, John D"]
[Result "1-0"]
[WhiteElo "1904"]
[BlackElo "2050"]
[PlyCount "49"]
[EventDate "2012.01.24"]
[EventType "swiss"]
[EventRounds "10"]
[EventCountry "GGB"]
[SourceTitle "CBM 147"]
[Source "ChessBase"]
[SourceDate "2012.03.16"]
[SourceVersion "1"]
[SourceVersionDate "2012.03.16"]
[SourceQuality "1"]

1. e4 e6 2. d4 c5 3. d5 d6 4. c4 Nf6 5. Bd3 g6 6. Nc3 Bg7 7. Nge2 0-0 8. 0-0 exd5 9. exd5 Na6 10. Bg5 h6 11. Bh4 g5 12. Bg3 Nh5 13. f4 gxf4 14. Bxf4 Nxf4 15. Nxf4 Qg5 16. Ne4 Qe5 17. Qf3 Bf5 18. Rae1 Bg6 19. Qg3 Bxe4 20. Rxe4 Qg5 21. Qf3 Rae8 22. Nh3 Qd8 23. Rxe8 Qxe8 24. Qf5 Qe3+ 25. Kh1 1-0

[Event "Gibraltar Masters 10th"]
[Site "Caleta"]
[Date "2012.01.30"]
[Round "7"]
[White "Campos Calvo, Sotelo Juan"]
[Black "Van Diermen, Arie"]
[Result "1/2-1/2"]
[WhiteElo "2028"]
[BlackElo "1904"]
[PlyCount "142"]
[EventDate "2012.01.24"]
[EventType "swiss"]
[EventRounds "10"]
[EventCountry "GGB"]
[SourceTitle "CBM 147"]
[Source "ChessBase"]
[SourceDate "2012.03.16"]
[SourceVersion "1"]
[SourceVersionDate "2012.03.16"]
[SourceQuality "1"]

1. b4 c6 2. e3 Nf6 3. c4 g6 4. Bb2 Bg7 5. Nf3 0-0 6. Be2 d5 7. cxd5 Nxd5 8. Bxg7 Kxg7 9. a3 f6 10. d4 Qb6 11. 0-0 a5 12. b5 cxb5 13. Qb3 Nc7 14. Nc3 a4 15. Qb2 Ra5 16. Rfb1 Bg4 17. h3 Be6 18. Nd2 Qa7 19. Nxb5 Nxb5 20. Bxb5 Rc8 21. Bd3 Rc7 22. e4 Bb3 23. d5 Nd7 24. Nxb3 axb3 25. Qxb3 Nc5 26. Qc3 b6 27. e5 Nxd3 28. exf6+ exf6 29. Qxd3 Rd7 30. d6 Rc5 31. Rc1 Qa5 32. Rxc5 Qxc5 33. Rd1 b5 34. g3 h5 35. h4 Kf7 36. Rd2 Qc4 37. Qd5+ Qxd5 38. Rxd5 Ke6 39. Rxb5 Rxd6 40. Ra5 Rd1+ 41. Kg2 Ra1 42. Kf3 Ra2 43. Ke3 Rb2 44. a4 Rb3+ 45. Ke2 Rb2+ 46. Kf3 Rb3+ 47. Kg2 Rb2 48. Ra6+ Kf5 49. a5 Ra2 50. Ra8 Kg4 51. a6 Kf5 52. a7 Ra4 53. Kf3 Ra3+ 54. Ke2 Ra2+ 55. Ke3 Ra3+ 56. Kd4 Ra2 57. Kc5 Kg4 58. Rg8 Rxa7 59. Rxg6+ Kf5 60. Rh6 Ra2 61. f4 Rg2 62. Rxh5+ Kg6 63. Rh8 Kg7 64. Rh5 Kg6 65. Rd5 Rxg3 66. h5+ Kh6 67. Kd6 Re3 68. Kd7 Re4 69. Rf5 Kg7 70. h6+ Kxh6 71. Rxf6+ Kg7 1/2-1/2

[Event "Gibraltar Masters 10th"]
[Site "Caleta"]
[Date "2012.01.24"]
[Round "1"]
[White "Osuna Vega, Enrique"]
[Black "Van Diermen, Arie"]
[Result "1-0"]
[WhiteElo "2122"]
[BlackElo "1904"]
[PlyCount "91"]
[EventDate "2012.01.24"]
[EventType "swiss"]
[EventRounds "10"]
[EventCountry "GGB"]
[SourceTitle "CBM 147"]
[Source "ChessBase"]
[SourceDate "2012.03.16"]
[SourceVersion "1"]
[SourceVersionDate "2012.03.16"]
[SourceQuality "1"]

1. e4 g6 2. d4 Bg7 3. Nc3 d6 4. f4 Nf6 5. Nf3 0-0 6. Bd3 Nc6 7. 0-0 Bg4 8. Be3 e5 9. fxe5 dxe5 10. d5 Nd4 11. Be2 Nxe2+ 12. Qxe2 Nh5 13. Qc4 a6 14. Rad1 Kh8 15. Bc5 b5 16. Qb3 Re8 17. d6 Be6 18. Qa3 cxd6 19. Bxd6 Qb6+ 20. Bc5 Qb7 21. Rfe1 Rad8 22. Qa5 Bf6 23. Qb6 Qxb6 24. Bxb6 Rc8 25. a3 g5 26. g3 Kg7 27. Kf2 Kg6 28. Rd6 Kg7 29. Be3 g4 30. Nd2 a5 31. Rb6 Rb8 32. Rxb5 Rec8 33. Rc1 Rxb5 34. Nxb5 Be7 35. c4 Bc5 36. Bxc5 Rxc5 37. b4 Rc6 38. c5 Bd7 39. Nc3 axb4 40. axb4 Ra6 41. b5 Rf6+ 42. Ke3 Kf8 43. Nd5 Bxb5 44. Nxf6 Nxf6 45. c6 Ba6 46. Ra1 1-0

[Event "South Wales op 8th"]
[Site "Penarth"]
[Date "2011.07.12"]
[Round "7"]
[White "Van Diermen, Arie"]
[Black "Hollan, Petr"]
[Result "0-1"]
[WhiteElo "1958"]
[BlackElo "1577"]
[PlyCount "128"]
[EventDate "2011.07.09"]
[EventType "swiss"]
[EventRounds "9"]
[EventCountry "WLS"]
[SourceTitle "CBM 143 Extra"]
[Source "ChessBase"]
[SourceDate "2011.08.29"]
[SourceVersion "1"]
[SourceVersionDate "2011.08.29"]
[SourceQuality "1"]

1. e4 e5 2. Nf3 Nc6 3. Bc4 Bc5 4. b4 Bxb4 5. c3 Ba5 6. d4 exd4 7. 0-0 Nge7 8. Qb3 0-0 9. cxd4 d6 10. Be3 h6 11. h3 Bb6 12. Qc2 d5 13. exd5 Bf5 14. Qe2 Nxd5 15. Bxd5 Qxd5 16. Nc3 Qd8 17. d5 Ne7 18. Qd2 Bxe3 19. fxe3 f6 20. e4 Bg6 21. Rab1 b6 22. Nd4 Bf7 23. Qf4 Qd6 24. Qxd6 cxd6 25. Ndb5 Rfd8 26. g4 a6 27. Nd4 b5 28. a4 Rac8 29. Rfc1 bxa4 30. Nxa4 Rxc1+ 31. Rxc1 Be8 32. Nc6 Nxc6 33. dxc6 Rc8 34. Nb6 Rxc6 35. Rb1 Bf7 36. Nd7 Rc8 37. Rb6 Be6 38. Rxd6 Bxd7 39. Rxd7 Rc4 40. Ra7 Rxe4 41. Rxa6 Re2 42. Ra4 Kf7 43. h4 Kg6 44. Rb4 h5 45. Ra4 hxg4 46. Rxg4+ Kh6 47. Kf1 Rb2 48. Kg1 g6 49. Rf4 f5 50. Rc4 Kh5 51. Rc6 Rb4 52. Kf2 Rxh4 53. Rc8 Kg4 54. Rc4+ f4 55. Kg2 Rh5 56. Rc6 g5 57. Rc4 Rh3 58. Ra4 Rb3 59. Ra2 f3+ 60. Kh2 Rb4 61. Ra8 Rb2+ 62. Kg1 Kg3 63. Ra1 g4 64. Kh1 Rh2+ 0-1

[Event "South Wales op 8th"]
[Site "Penarth"]
[Date "2011.07.11"]
[Round "5"]
[White "Van Diermen, Arie"]
[Black "Sigurdsson, Birkir Karl"]
[Result "0-1"]
[WhiteElo "1958"]
[BlackElo "1546"]
[PlyCount "120"]
[EventDate "2011.07.09"]
[EventType "swiss"]
[EventRounds "9"]
[EventCountry "WLS"]
[SourceTitle "CBM 143 Extra"]
[Source "ChessBase"]
[SourceDate "2011.08.29"]
[SourceVersion "1"]
[SourceVersionDate "2011.08.29"]
[SourceQuality "1"]

1. e4 c5 2. Nc3 Nc6 3. g3 g6 4. Bg2 Bg7 5. f4 d6 6. Nf3 Nf6 7. 0-0 0-0 8. d3 Bd7 9. h3 a6 10. g4 b5 11. f5 b4 12. Ne2 Rc8 13. Ng3 a5 14. g5 Ne8 15. h4 Ne5 16. h5 a4 17. Rb1 Qc7 18. Bf4 Qb6 19. Nxe5 c4+ 20. Kh2 dxe5 21. Bd2 cxd3 22. cxd3 Qd4 23. Rf3 Bb5 24. Be1 Qc5 25. Qd2 b3 26. axb3 axb3 27. Qc3 Qxc3 28. Bxc3 Rc5 29. Bb4 Rc7 30. f6 exf6 31. h6 Bh8 32. Bxf8 Kxf8 33. Ne2 fxg5 34. Nc3 Bd7 35. Bf1 f5 36. Bh3 f4 37. Bxd7 Rxd7 38. Rg1 Bf6 39. Nd5 Bd8 40. Kh3 Ra7 41. Rc1 Ra2 42. Rc8 Be7 43. Nc7 Rxb2 44. Rxe8+ Kf7 45. Rb8 g4+ 46. Kxg4 Rh2 47. Rh3 Rg2+ 48. Kf3 Rg1 49. Kf2 Bc5+ 50. d4 Bxd4+ 51. Ke2 b2 52. Rhb3 Rg2+ 53. Kd1 Rg1+ 54. Kc2 Rc1+ 55. Kd3 Rxc7 56. R8b7 Rxb7 57. Rxb7+ Kf6 58. Kc2 f3 59. Rxh7 f2 60. Rh8 b1Q+ 0-1